Výzkum rodiny 6 Semináře o rodině

Guardado en:
Detalles Bibliográficos
Formato: Libro
Lenguaje:checo
Publicado: Praha Výzkumný ústav soc. rozv. a práce 1990
Edición:1. vyd.
Etiquetas: Agregar Etiqueta
Sin Etiquetas, Sea el primero en etiquetar este registro!

MARC

LEADER 00000nam a2200000 4500
001 c037661
005 20221215121031.0
041 0 |a cze 
044 |a CZ 
245 1 0 |a Výzkum rodiny 6  |b Semináře o rodině 
250 |a 1. vyd. 
264 1 |a Praha  |b Výzkumný ústav soc. rozv. a práce  |c 1990 
300 |a 77 s.